| 000 | 01555cam a22003974i 4500 | ||
|---|---|---|---|
| 003 | PE-LiUPU | ||
| 005 | 20250731183406.0 | ||
| 008 | 171121s2016 sp a r 001 0 eng d | ||
| 020 | _a9788494565601 | ||
| 035 | _a(Sirsi) a240168 | ||
| 040 |
_aPE-LiUPU _bspa _cPE-LiUPU _erda |
||
| 049 | _aPRUA | ||
| 082 | 0 | 4 |
_a720.74 _bA7 _220 |
| 245 | 0 | 0 |
_aArquitangentes : _bvisiones periféricas de la profesión del arquitecto / _cResponsables, Irene Aguirre López [y más cuatro]. |
| 264 | 1 |
_aEspaña : _bAsimétricas, _c2016. |
|
| 300 |
_a129 páginas : _bilustraciones ; _c21 centímetros |
||
| 336 |
_atext _2rdacontent |
||
| 337 |
_aunmediated _2rdamedia |
||
| 338 |
_avolume _2rdacarrier |
||
| 505 | 0 | _aConcurso -- Trabajos -- Eventos -- Noticias -- Exposición. | |
| 526 | _aP158 | ||
| 526 | _aP146 | ||
| 526 | _aP17 | ||
| 526 | _aP12 | ||
| 526 | _aP06 | ||
| 526 | 8 |
_iPrograma académico : _5PE-LiUPU |
|
| 541 | _g003-001759; | ||
| 610 | 0 | 4 |
_aUniversidad Rey Juan Carlos. Facultad de Ciencias Jurídicas y Sociales _xActividad científica _vExposiciones. |
| 650 | 1 | 4 |
_aArquitectura _vExposiciones. |
| 700 | 1 |
_aAguirre López, Irene, _ecoord. |
|
| 910 |
_adbm _bncf _cncf _d20171121 |
||
| 942 |
_2ddc _cBOOK |
||
| 994 |
_aC0 _bPEPRU |
||
| 596 | _a1 | ||
| 999 |
_a720.74 A7 _wDEWEY _c25829 _i77248 _f2021-11-9 _g4 _lCCODEBUL1 _mBUL _p15.84 _r0 _sY _tBOOK _u2017-11-21 _xINGENIERIA _PP06 _0COMPRA _o.STAFF. Colección Ingeniería y Arquitectura _d25829 |
||
| 980 |
_81 _gALBERTO SANCHEZ Responsable de Automatización |
||